[Event "chess.com Speed 3m+2spm 2017"]
[Site "chess.com INT"]
[Date "2017.05.03"]
[Round "1.12"]
[White "Nakamura,Hi"]
[Black "Grigoriants,S RUS"]
[Result "1-0"]
[WhiteElo "2786"]
[BlackElo "2576"]

1.Nf3 Nf6 2.g3 g6 3.Bg2 Bg7 4.O-O O-O 5.d3 d5 6.Nbd2 c5 7.e4 Nc6 8.Re1 Qc7
9.c3 e5 10.a3 d4 11.cxd4 cxd4 12.b4 a6 13.Nb3 b6 14.Bd2 Bd7 15.Rc1 Qd6 16.Qc2 Rac8
17.Qb2 Na7 18.b5 a5 19.a4 Qe7 20.Nxa5 bxa5 21.Bxa5 Rxc1 22.Rxc1 Rb8 23.Bc7 Rb7
24.Bxe5 Nxb5 25.axb5 Rxb5 26.Qxd4 Be6 27.Qa1 h5 28.Nd4  1-0

[Event "chess.com Speed 1m+1spm 2017"]
[Site "chess.com INT"]
[Date "2017.05.03"]
[Round "1.22"]
[White "Nakamura,Hi"]
[Black "Grigoriants,S RUS"]
[Result "1-0"]
[WhiteElo "2786"]
[BlackElo "2576"]

1.b3 c6 2.Bb2 d5 3.e3 Nf6 4.Nf3 Bg4 5.d4 e6 6.Nbd2 Be7 7.c4 O-O 8.Qc2 Nbd7
9.Bd3 Bh5 10.Ne5 Rc8 11.O-O Bg6 12.Nxg6 hxg6 13.f4 c5 14.Nf3 cxd4 15.Bxd4 dxc4
16.bxc4 Bc5 17.Qf2 Bxd4 18.exd4 Nc5 19.Bc2 Nce4 20.Qe2 Nd6 21.Bb3 Nf5 22.Rad1 Qb6
23.c5 Qb4 24.Rd3 a5 25.a3 Qb5 26.Rb1 Qa6 27.Qc2 b6 28.Bc4 Qa8 29.Rxb6 Nd5
30.Bxd5 Qxd5 31.Rd2 Rb8 32.Rxb8 Rxb8 33.h3 Rb3 34.c6 Rb8 35.Qc5 Qe4 36.Rd1 Rc8
37.d5 exd5 38.Rxd5 Qxf4 39.Rd3 Qe4 40.Rc3 Ne7 41.Re3 Qb1+ 42.Re1  1-0

[Event "chess.com Speed 5m+2spm 2017"]
[Site "chess.com INT"]
[Date "2017.05.03"]
[Round "1.7"]
[White "Grigoriants,S RUS"]
[Black "Nakamura,Hi"]
[Result "1/2-1/2"]
[WhiteElo "2576"]
[BlackElo "2786"]

1.e4 e5 2.Nf3 Nc6 3.Bb5 Nf6 4.O-O Nxe4 5.d4 Nd6 6.Bxc6 dxc6 7.dxe5 Nf5 8.Qxd8+ Kxd8
9.h3 Ke8 10.Nc3 h5 11.Rd1 Be7 12.Bg5 Be6 13.Rd2 Rd8 14.Rad1 Rxd2 15.Rxd2 h4
16.a3 Rh5 17.Bxe7 Kxe7 18.Ne2 Bd5 19.Nh2 Nh6 20.f4 Nf5 21.Kf2 Rh8 22.Nc3 Rd8
23.Nf3 f6 24.exf6+ gxf6 25.Nd4 Nd6 26.Nf3 Nf5 27.Nd4 Nd6 28.Nf3 Nf5  1/2-1/2

[Event "chess.com Speed 3m+2spm 2017"]
[Site "chess.com INT"]
[Date "2017.05.03"]
[Round "1.11"]
[White "Grigoriants,S RUS"]
[Black "Nakamura,Hi"]
[Result "1-0"]
[WhiteElo "2576"]
[BlackElo "2786"]

1.e4 e5 2.Nf3 Nc6 3.Bb5 Nf6 4.O-O Nxe4 5.d4 Nd6 6.Bxc6 dxc6 7.dxe5 Nf5 8.Qxd8+ Kxd8
9.h3 Ke8 10.Nc3 h5 11.Rd1 Be7 12.Ne2 b6 13.Bg5 c5 14.Nf4 Bb7 15.Nd5 Bxd5
16.Rxd5 c6 17.Rd2 Nd4 18.Bxe7 Nxf3+ 19.gxf3 Kxe7 20.Rd6 Rhd8 21.Rad1 Rxd6
22.Rxd6 Rd8 23.Rxd8 Kxd8 24.f4 Ke7 25.f5 g6 26.fxg6 fxg6 27.h4 c4 28.c3 Ke6
29.f4 b5 30.Kf2 Kd5 31.Ke2 Ke6 32.Kf3 Kd5 33.Ke3  1-0

[Event "chess.com Speed 3m+2spm 2017"]
[Site "chess.com INT"]
[Date "2017.05.03"]
[Round "1.14"]
[White "Nakamura,Hi"]
[Black "Grigoriants,S RUS"]
[Result "1-0"]
[WhiteElo "2786"]
[BlackElo "2576"]

1.g3 e5 2.Nf3 Nc6 3.d3 d5 4.Bg2 Nf6 5.O-O Be7 6.c4 O-O 7.cxd5 Nxd5 8.Nc3 Nb6
9.Be3 Re8 10.Rc1 Bf8 11.Na4 Nd4 12.Nc5 c6 13.Nb3 Nxb3 14.Qxb3 Be6 15.Qc2 Nd5
16.Bd2 f6 17.a3 a5 18.e4 Nc7 19.Be3 Nb5 20.Rfd1 a4 21.Rd2 Bb3 22.Qb1 c5 23.Bxc5 Bxc5
24.Rxc5 Nd4 25.Nxd4 Qxd4 26.Qc1 Qd7 27.Qc3 Rac8 28.d4 Rxc5 29.dxc5 Qc7 30.Bf1 Kf8
31.Qb4 Kf7 32.Bc4+ Kg6 33.Bxb3 axb3 34.Qxb3 Qxc5 35.Rd7 Re7 36.Rxb7  1-0

[Event "chess.com Speed 3m+2spm 2017"]
[Site "chess.com INT"]
[Date "2017.05.03"]
[Round "1.15"]
[White "Grigoriants,S RUS"]
[Black "Nakamura,Hi"]
[Result "1/2-1/2"]
[WhiteElo "2576"]
[BlackElo "2786"]

1.e4 e5 2.Nf3 Nc6 3.Bb5 Nf6 4.O-O Nxe4 5.d4 Nd6 6.Bxc6 dxc6 7.dxe5 Nf5 8.Qxd8+ Kxd8
9.h3 Bd7 10.Rd1 Kc8 11.Nc3 h6 12.b3 b6 13.Bb2 Ne7 14.Rd2 c5 15.Rad1 Bc6 16.Ne2 Kb7
17.Nf4 g5 18.Nh5 Rg8 19.Nh2 Rg6 20.Rd8 Rc8 21.Ng4 Be4 22.R8d2 Re6 23.f3 Bg6
24.Ngf6 Nc6 25.f4 c4 26.g4 Bb4 27.f5 Bxd2 28.Rxd2 Rxe5 29.fxg6 fxg6 30.Bxe5 Nxe5
31.Rd5 Nf3+ 32.Kf2 cxb3 33.axb3 gxh5 34.Kxf3 Rf8 35.Rf5 hxg4+ 36.Kxg4 Rd8
37.Rf2 Rd4+ 38.Kf5 a5 39.Ng4 h5 40.Nf6 g4 41.hxg4 hxg4 42.Nxg4 a4 43.bxa4 Rxa4
44.Ne3 Kc6 45.Rf4 b5 46.Ke5 Kc5 47.Rf7 c6 48.Rf3 Rh4 49.Nf5 Rc4 50.Rf2 b4
51.Nd6 Rh4 52.Ne4+ Kc4 53.Rf6 Rh5+ 54.Kf4 c5 55.Rc6 b3 56.cxb3+ Kxb3 57.Nxc5+ Kc4
58.Ne4+ Kd4 59.Ng5 Rh4+ 60.Kf5 Rh1 61.Rd6+ Kc4 62.Rd2 Kc3 63.Ne4+ Kc4 64.Rd8 Rh5+
65.Kg4 Rh1 66.Kf4 Rh4+ 67.Ke5 Rh5+ 68.Ke6 Rh6+ 69.Nf6 Rh1 70.Ng4 Rh4 71.Ne5+ Kc3
72.Rc8+ Kb3 73.Kd5 Rh5 74.Rc7 Rh1 75.Nf3 Rh5+ 76.Ke4 Rh3 77.Nd4+ Kb4 78.Ne6 Rh4+
79.Nf4  1/2-1/2

[Event "chess.com Speed 3m+2spm 2017"]
[Site "chess.com INT"]
[Date "2017.05.03"]
[Round "1.16"]
[White "Nakamura,Hi"]
[Black "Grigoriants,S RUS"]
[Result "1-0"]
[WhiteElo "2786"]
[BlackElo "2576"]

1.b3 c5 2.Bb2 Nc6 3.e3 Nf6 4.Nf3 g6 5.d4 cxd4 6.Nxd4 Bg7 7.Be2 O-O 8.O-O d6
9.Nxc6 bxc6 10.c4 Bf5 11.Bf3 Rc8 12.Nc3 Qa5 13.Qd2 Rfd8 14.Rfd1 Qb6 15.Rac1 h5
16.h3 Qb8 17.Ne2 c5 18.Nf4 Ne4 19.Bxe4 Bxe4 20.Bxg7 Kxg7 21.Qc3+ Kg8 22.f3 Bc6
23.e4 Qb4 24.Qe3 Qa3 25.Rc2 a5 26.g4 h4 27.Ng2 a4 28.Nxh4 axb3 29.axb3 Rb8
30.Rc3 Rb4 31.e5 Rdb8 32.exd6 Rxb3 33.Rxb3 Rxb3 34.Qxe7 Rd3 35.Rb1 Rb3 36.Rxb3 Qxb3
37.Qe2 Qc3 38.Qd1 Qf6 39.d7 Bxd7 40.Qxd7 Qxh4 41.Qe8+ Kg7 42.Qe5+ Kg8 43.Kg2 Qd8
44.Qxc5 Qd3 45.h4 Qe2+ 46.Kg3 Qe1+ 47.Qf2 Qe5+ 48.Kg2 Kf8 49.Qc2 Ke7 50.Qe4  1-0

[Event "chess.com Speed 3m+2spm 2017"]
[Site "chess.com INT"]
[Date "2017.05.03"]
[Round "1.17"]
[White "Grigoriants,S RUS"]
[Black "Nakamura,Hi"]
[Result "1/2-1/2"]
[WhiteElo "2576"]
[BlackElo "2786"]

1.Nf3 d5 2.d4 Nf6 3.c4 e6 4.g3 Be7 5.Bg2 O-O 6.O-O dxc4 7.Qc2 a6 8.a4 Bd7
9.Rd1 Bc6 10.Nc3 Bxf3 11.Bxf3 Nc6 12.Bxc6 bxc6 13.a5 Rb8 14.Ra4 Rb4 15.Na2 Rxa4
16.Qxa4 Qb8 17.Qxc4 Qb5 18.Qxb5 cxb5 19.Be3 Nd5 20.Rc1 Rc8 21.Rc6 Ra8 22.Bf4 Nxf4
23.gxf4 Bd6 24.e3 Kf8 25.Nc1 Bb4 26.Nb3 Ra7 27.Kg2 Ke7 28.Kf3 Kd7 29.Rc2 c6
30.Ke4 Ra8 31.Rc1 g6 32.Ke5 Be7 33.Nc5+ Kc7 34.b4 Bh4 35.Rc2 Be7 36.Ke4 Bd6
37.Kf3 Bxc5 38.Rxc5 Rd8 39.Kg4 h6 40.h4 f5+ 41.Kf3 Kd6 42.Rc1 h5 43.e4 fxe4+
44.Kxe4 Rg8 45.Rg1 Rg7 46.Rg5 Rg8 47.Ke3 Rg7 48.Kd3 Rg8 49.Ke4 Rg7 50.Rc5 Rf7
51.Rc3 Rg7 52.Rg3 Rg8  1/2-1/2

[Event "chess.com Speed 1m+1spm 2017"]
[Site "chess.com INT"]
[Date "2017.05.03"]
[Round "1.24"]
[White "Nakamura,Hi"]
[Black "Grigoriants,S RUS"]
[Result "1-0"]
[WhiteElo "2786"]
[BlackElo "2576"]

1.b3 Nf6 2.Bb2 g6 3.e3 Bg7 4.Nf3 O-O 5.d4 d6 6.Be2 Nbd7 7.O-O e6 8.c4 Qe7
9.Nc3 Re8 10.Nb5 Nf8 11.c5 a6 12.cxd6 cxd6 13.Nc3 b5 14.Nd2 Bb7 15.a4 bxa4
16.Nxa4 N8d7 17.Ba3 Rec8 18.Nc4 Ne8 19.Ncb6 Nxb6 20.Nxb6 Bxg2 21.Nxc8 Qb7
22.Nxd6 Nxd6 23.Bxd6 Rd8 24.Bg3 Bxf1 25.Bxf1 e5  1-0

[Event "chess.com Speed 1m+1spm 2017"]
[Site "chess.com INT"]
[Date "2017.05.03"]
[Round "1.23"]
[White "Grigoriants,S RUS"]
[Black "Nakamura,Hi"]
[Result "0-1"]
[WhiteElo "2576"]
[BlackElo "2786"]

1.e4 e6 2.d4 b6 3.Nd2 Bb7 4.Bd3 d5 5.Ngf3 Nf6 6.exd5 Nxd5 7.O-O Be7 8.Be4 c6
9.c4 Nf6 10.Bc2 c5 11.dxc5 Bxc5 12.Qe2 Nbd7 13.b3 O-O 14.Bb2 Qc7 15.Rad1 Qf4
16.Ne5 Nxe5 17.Bxe5 Qg4 18.Qxg4 Nxg4 19.Bg3 f5 20.h3 f4 21.Bh4 Ne3 22.fxe3 fxe3
23.Rxf8+ Rxf8 24.Kh2 exd2 25.Rxd2 Bc6 26.Bg3 h5 27.Re2 Rd8 28.Bg6 Be8 29.Rxe6 Bxg6
30.Rxg6 Kf7 31.Rg5 Rd1 32.Bb8 h4 33.g4 Rd2+ 34.Kh1 Rxa2 35.Rd5 Ke6 36.Rd3 a5
37.Bf4 Ra3 38.Bg5 a4  0-1

[Event "chess.com Speed 1m+1spm 2017"]
[Site "chess.com INT"]
[Date "2017.05.03"]
[Round "1.19"]
[White "Grigoriants,S RUS"]
[Black "Nakamura,Hi"]
[Result "1-0"]
[WhiteElo "2576"]
[BlackElo "2786"]

1.e4 d6 2.d4 g6 3.Nf3 Bg7 4.Bc4 e6 5.Qe2 Ne7 6.O-O a6 7.Bb3 O-O 8.Re1 Nd7
9.Nbd2 b5 10.Nf1 c5 11.c3 cxd4 12.cxd4 Nc6 13.Be3 Na5 14.Bc2 Nc4 15.Bg5 Bf6
16.Bxf6 Nxf6 17.Bd3 Bb7 18.Bxc4 bxc4 19.Ng3 Rc8 20.Rac1 Qa5 21.Rc3 Bc6 22.h4 Rb8
23.Qxc4 Bb5 24.Qc7 Qxa2 25.Qxd6 Qxb2 26.Rec1 Ng4 27.R3c2 Qb3 28.h5 Bd3 29.Rd2 Rbc8
30.Rcd1 Bc2 31.Re1 Qc3 32.Qf4 f5 33.hxg6 hxg6 34.Qg5 Kg7 35.Nh5+ Kf7 36.Nf4 Rg8
37.d5 e5 38.exf5 Bxf5 39.Ne2 Qb4 40.Ng3 Qe7 41.Nxf5 gxf5 42.Qxf5+ Qf6 43.Qd7+ Qe7
44.Nxe5+ Nxe5 45.Qxe7+ Kxe7 46.Rxe5+ Kd7 47.Rh5 Rc1+ 48.Kh2 Rg7 49.d6 a5
50.Rxa5 Rh7+ 51.Kg3 Rg7+ 52.Kf3 Rf7+ 53.Kg3 Rg7+ 54.Kf4 Rc4+ 55.Kf3 Rc3+
56.Kf4 Rc4+ 57.Ke3 Ke6 58.d7 Rxd7 59.Ra6+ Ke7 60.Rxd7+ Kxd7 61.f4 Ke7 62.g4 Rc1
63.g5  1-0

[Event "chess.com Speed 1m+1spm 2017"]
[Site "chess.com INT"]
[Date "2017.05.03"]
[Round "1.20"]
[White "Nakamura,Hi"]
[Black "Grigoriants,S RUS"]
[Result "1-0"]
[WhiteElo "2786"]
[BlackElo "2576"]

1.d3 c6 2.Nd2 d5 3.g3 g6 4.Ngf3 Bg7 5.Bg2 e5 6.O-O Ne7 7.e4 O-O 8.Re1 dxe4
9.dxe4 Qc7 10.b3 h6 11.Ba3 Be6 12.Nc4 Bxc4 13.Qd6 Qxd6 14.Bxd6 Re8 15.bxc4 Nc8
16.Bxb8 Rxb8 17.c5 Bf8 18.Bh3 Bxc5 19.Bxc8 Rbxc8 20.Red1 Rc7 21.a4 a5 22.Kf1 Kg7
23.c3 Kf6 24.Ke2 Ke6 25.Nd2 Rd7 26.Nb3 Rxd1 27.Nxc5+ Kd6 28.Nxb7+ Kc7 29.Rxd1 Kxb7
30.Rd7+ Kb6 31.Rxf7 Kc5 32.Rf6 Rb8 33.Re6 Rb3 34.Rxe5+ Kc4 35.Rxa5 Rxc3 36.Ra8 c5
37.a5 Ra3 38.a6 Kd4 39.a7 Kc3 40.e5 c4 41.e6 Ra6 42.Kf1  1-0

[Event "chess.com Speed 1m+1spm 2017"]
[Site "chess.com INT"]
[Date "2017.05.03"]
[Round "1.21"]
[White "Grigoriants,S RUS"]
[Black "Nakamura,Hi"]
[Result "1/2-1/2"]
[WhiteElo "2576"]
[BlackElo "2786"]

1.e4 c5 2.Nf3 Nc6 3.Bb5 g6 4.O-O Bg7 5.Re1 Nh6 6.d3 O-O 7.Bxc6 bxc6 8.Nc3 d6
9.h3 e5 10.a3 f5 11.b4 cxb4 12.axb4 Nf7 13.Bd2 d5 14.Qb1 fxe4 15.dxe4 d4
16.Na4 g5 17.Nc5 g4 18.hxg4 Bxg4 19.Nh2 Bc8 20.Qb3 Kh8 21.Ra3 Nd6 22.Rea1 Qf6
23.Qf3 Nc4 24.Qxf6 Bxf6 25.Bh6 Nxa3 26.Bxf8 Nxc2 27.Rc1 Nxb4 28.Nf3 Bg4 29.Bd6 Bxf3
30.gxf3 d3 31.Nd7 Na2 32.Rd1 Rd8 33.Bxe5 Bxe5 34.Nxe5 Kg7 35.Rxd3 Rxd3 36.Nxd3 a5
37.Kf1 a4 38.Ke1 Nc3 39.Kd2 Nb5 40.Nf4 a3 41.Kc2 Nd4+ 42.Kb1 Nxf3 43.Ka2 Kf6
44.Kxa3 Ke5 45.Nh5 Kxe4 46.Kb4 Kd4 47.Kb3 c5 48.Kc2 c4 49.Ng3 Nh4 50.Ne2+ Ke4
51.Kc3 Kf3 52.Ng3 Kxf2 53.Nh5 Kf3 54.Kxc4 Nf5 55.Kd5 Ng3 56.Nf6 h6 57.Ke5 h5
58.Nxh5 Nxh5  1/2-1/2

[Event "chess.com Speed 3m+2spm 2017"]
[Site "chess.com INT"]
[Date "2017.05.03"]
[Round "1.13"]
[White "Grigoriants,S RUS"]
[Black "Nakamura,Hi"]
[Result "1-0"]
[WhiteElo "2576"]
[BlackElo "2786"]

1.e4 c5 2.Nf3 Nc6 3.Bb5 g6 4.O-O Bg7 5.Nc3 Nh6 6.Re1 O-O 7.h3 d6 8.d3 f5
9.Bxc6 bxc6 10.e5 Nf7 11.Bf4 Rb8 12.Qc1 d5 13.Na4 Qa5 14.b3 Nd8 15.c4 Ne6
16.Bd2 Qa6 17.Ng5 Nxg5 18.Bxg5 e6 19.Nxc5 Qa5 20.Be7 Rf7 21.Bd6 Ra8 22.d4 f4
23.f3 Qd8 24.Qa3 h5 25.Qa4 Bd7 26.cxd5 cxd5 27.Nxd7 Rxd7 28.Rac1 g5 29.Rc2 g4
30.fxg4 hxg4 31.hxg4 Qh4 32.Rf1 Rf7 33.Qa6 Qxg4 34.Rc8+ Rxc8 35.Qxc8+ Kh7
36.Qc2+ Rf5 37.Rf3 Kh6 38.Rh3+ Rh5 39.Rxh5+ Qxh5 40.Qd3 Qg5 41.b4 Kh5 42.Qh3+  1-0

[Event "chess.com Speed 1m+1spm 2017"]
[Site "chess.com INT"]
[Date "2017.05.03"]
[Round "1.27"]
[White "Grigoriants,S RUS"]
[Black "Nakamura,Hi"]
[Result "0-1"]
[WhiteElo "2576"]
[BlackElo "2786"]

1.e4 Nf6 2.e5 Nd5 3.d4 d6 4.Nf3 Nc6 5.c4 Nb6 6.exd6 exd6 7.Be2 Be7 8.O-O Bg4
9.Nbd2 O-O 10.h3 Bh5 11.d5 Nb8 12.Nd4 Bg6 13.N2f3 N8d7 14.b3 Bf6 15.Bb2 Nc5
16.Re1 Re8 17.Bf1 Qd7 18.Qd2 Ne4 19.Qa5 c5 20.dxc6 bxc6 21.Re2 d5 22.c5 Nc8
23.Rae1 Bd8 24.Qa6 Ne7 25.b4 Bc7 26.a3 Bh5 27.Re3 Bf4 28.Rb3 Rac8 29.Bc1 Bb8
30.b5 Nxc5 31.bxc6 Nxc6 32.Nxc6 Nxa6  0-1

[Event "chess.com Speed 3m+2spm 2017"]
[Site "chess.com INT"]
[Date "2017.05.03"]
[Round "1.10"]
[White "Nakamura,Hi"]
[Black "Grigoriants,S RUS"]
[Result "1-0"]
[WhiteElo "2786"]
[BlackElo "2576"]

1.Nf3 Nf6 2.g3 d5 3.Bg2 c6 4.O-O Bg4 5.h3 Bh5 6.d3 e6 7.Qe1 Be7 8.e4 O-O
9.Nh4 Ne8 10.f4 Nd7 11.Nf3 Bxf3 12.Bxf3 a5 13.Bg2 Nd6 14.Nd2 a4 15.a3 dxe4
16.dxe4 Nc5 17.e5 Nf5 18.Nf3 Nd4 19.Nxd4 Qxd4+ 20.Kh2 Qc4 21.Rf2 Rad8 22.Bf1 Qe4
23.Be3 Rd7 24.Qc3 Qd5 25.Rd2 Qe4 26.Rxd7 Nxd7 27.Rd1 Rd8 28.Bg2 Qg6 29.Rd4 h5
30.Qd2 Bc5 31.Rd3 Bxe3 32.Qxe3 h4 33.g4 Kf8 34.Qa7 Qh6 35.g5 Qh5 36.Qxb7 Ke8
37.Bf3  1-0

[Event "chess.com Speed 5m+2spm 2017"]
[Site "chess.com INT"]
[Date "2017.05.03"]
[Round "1.8"]
[White "Nakamura,Hi"]
[Black "Grigoriants,S RUS"]
[Result "1/2-1/2"]
[WhiteElo "2786"]
[BlackElo "2576"]

1.Nf3 Nf6 2.g3 g6 3.d3 Bg7 4.e4 d6 5.Bg2 O-O 6.O-O c5 7.c3 Nc6 8.h3 Rb8 9.Re1 b5
10.a3 a5 11.d4 Nd7 12.Bg5 b4 13.axb4 axb4 14.Be3 bxc3 15.bxc3 Bb7 16.Nbd2 Qc7
17.Nb3 Ra8 18.Qd2 Nb6 19.Qe2 Nd7 20.Nbd2 Rxa1 21.Rxa1 Ra8 22.Rxa8+ Bxa8 23.d5 Nce5
24.Ne1 Nb6 25.Qb5 Ned7 26.c4 Qa7 27.Bf1 Bb7 28.Qb3 Qa5 29.Nc2 Ba6 30.Qa3 Qxa3
31.Nxa3 Bc3 32.f4 Na4 33.Nb5 Ndb6 34.Nxc3 Nxc3 35.e5 Nd1 36.exd6 exd6 37.Bf2 Kf8
38.Ne4 Ke7 39.Nxc5 Bxc4 40.Bxc4 Nxc4 41.Ne4 f5 42.Ng5 h6 43.Ne6 Nde3 44.Nc7 Kd7
45.Ne6 Ke7 46.Nc7 Kd7 47.Ne6  1/2-1/2

[Event "chess.com Speed 5m+2spm 2017"]
[Site "chess.com INT"]
[Date "2017.05.03"]
[Round "1.5"]
[White "Grigoriants,S RUS"]
[Black "Nakamura,Hi"]
[Result "0-1"]
[WhiteElo "2576"]
[BlackElo "2786"]

1.d4 Nf6 2.c4 e6 3.Nf3 d5 4.Nc3 Be7 5.Bf4 O-O 6.e3 c5 7.dxc5 Bxc5 8.a3 Nc6
9.Be2 dxc4 10.Bxc4 Qxd1+ 11.Rxd1 b6 12.O-O Bb7 13.Nb5 Rad8 14.h3 Nd5 15.Bxd5 exd5
16.Nbd4 Nxd4 17.Nxd4 Bxd4 18.Rxd4 Rc8 19.Ra4 a5 20.Be5 Rfe8 21.Bc3 Ba6 22.Re1 Bc4
23.f3 d4 24.Bd2 h5 25.Kf2 d3 26.Bc3 Red8 27.Rg1 d2 28.Rxc4 Rxc4 29.Ke2 a4
30.g4 hxg4 31.hxg4 f6 32.Rd1 Kf7 33.Rxd2 Rxd2+ 34.Kxd2 b5 35.Kd3 Ke6 36.e4 g6
37.f4 f5 38.gxf5+ gxf5 39.exf5+ Kxf5 40.Be5 Ke6 41.Kd2 Kd5 42.Kd3 Re4 43.Bb8 Re1
44.Be5 Rh1 45.Bb8 Rh3+ 46.Kc2 Kc4 47.Be5 Rh2+ 48.Kd1 Kd3 49.Ke1 Rh1+ 50.Kf2 Rc1
51.Kf3 Rf1+ 52.Kg4 Ke4 53.Kg5 Rf2 54.Kf6 Kd5 55.Ke7 Rh2 56.Bc3 Rf2 57.Be5 Re2
58.Kd7 Re4 59.Kc7 b4 60.axb4 Rxb4 61.Kd7 Rb7+ 62.Kc8 Kc6 63.Kd8 Rh7 64.Ke8 Kd5
65.Kd8 Ra7 66.Ke8 Ke6 67.Kd8 Kd5 68.Ke8 Rh7 69.Kd8 Kc6 70.Ke8 Rd7 71.Kf8 Kd5
72.Ke8 Ke6 73.Kf8 Re7 74.f5+ Kd7 75.Bc3 Re3 76.f6 a3 77.bxa3 Rxc3 78.f7 Rxa3  0-1

[Event "chess.com Speed 5m+2spm 2017"]
[Site "chess.com INT"]
[Date "2017.05.03"]
[Round "1.4"]
[White "Nakamura,Hi"]
[Black "Grigoriants,S RUS"]
[Result "1-0"]
[WhiteElo "2786"]
[BlackElo "2576"]

1.Nf3 d5 2.g3 c6 3.Bg2 Bg4 4.O-O e6 5.h3 Bh5 6.d3 Bd6 7.Qe1 Ne7 8.e4 Nd7
9.Nc3 O-O 10.Ne2 e5 11.Nh4 Re8 12.Nc3 Nb6 13.a3 f6 14.Kh1 Bf7 15.f4 exf4
16.gxf4 dxe4 17.dxe4 Ng6 18.Nf5 Bf8 19.Qg3 Kh8 20.b3 Qc7 21.Bb2 Rad8 22.Qf2 Ne7
23.Ng3 Ng6 24.Nf5 Ne7 25.Nxe7 Qxe7 26.Rae1 Qc5 27.e5 Qxf2 28.Rxf2 fxe5 29.fxe5 Bg6
30.Ne4 Be7 31.Ng3 Bh4 32.Kh2 Nd5 33.Ree2 Nc7 34.Rf4 Bg5 35.Rb4 Rb8 36.h4 Be7
37.Ra4 Bc5 38.h5 Bf7 39.h6 Ne6 40.hxg7+ Kxg7 41.Nf5+ Kf8 42.Nd6 Bxd6 43.exd6 Nc5
44.Rxe8+ Rxe8 45.Rxa7 Bd5 46.Bxd5 cxd5 47.Bd4 Re2+ 48.Kh3 Ne6 49.c3 Nxd4
50.cxd4 Ke8 51.Rxb7 Re4 52.a4 Rxd4 53.a5  1-0

[Event "chess.com Speed 5m+2spm 2017"]
[Site "chess.com INT"]
[Date "2017.05.03"]
[Round "1.3"]
[White "Grigoriants,S RUS"]
[Black "Nakamura,Hi"]
[Result "1/2-1/2"]
[WhiteElo "2576"]
[BlackElo "2786"]

1.d4 Nf6 2.c4 e6 3.Nf3 d5 4.Nc3 Be7 5.Bf4 O-O 6.e3 c5 7.dxc5 Bxc5 8.a3 Nc6
9.Be2 dxc4 10.Bxc4 Qxd1+ 11.Rxd1 a6 12.Be2 b5 13.Rc1 Bb7 14.Nxb5 axb5 15.Rxc5 b4
16.O-O bxa3 17.bxa3 Ne4 18.Rc4 Ba6 19.Rxe4 Bxe2 20.Re1 Bd3 21.Rb4 Nxb4 22.axb4 f6
23.Bd6 Rfd8 24.Bc5 e5 25.Nd2 Ra2 26.Nf1 Bb5 27.e4 Rda8 28.f3 Ra1 29.Bf2 Rxe1
30.Bxe1 Ra1 31.Kf2 Ra2+ 32.Kg1 Re2 33.Bf2 Rb2 34.Be1 Bxf1 35.Kxf1 h5 36.Bc3 Rc2
37.Be1 Kf7 38.Bf2 Rb2 39.Bc5 h4 40.h3 Kg6 41.Kg1 f5 42.exf5+ Kxf5 43.Kh2 Kf4
44.Be7 g5 45.Bd6 Kf5 46.Bc5 Rb1 47.Be7 Rd1 48.Bc5 Kf4 49.Be7 Re1 50.Bc5 Rd1
51.Be7 Kf5 52.Bc5 e4 53.fxe4+ Kxe4 54.Be7 Kf4 55.Bc5 Rd2 56.Bb6 Rd5 57.Bc7+ Kf5
58.Bb6 Rd1 59.Be3 g4 60.hxg4+ Kxg4 61.b5 Rd3 62.Bf2 Rd2 63.Kg1 h3 64.gxh3+ Kf3
65.Bc5 Rd1+ 66.Kh2 Rd5 67.Ba7 Rxb5 68.h4 Rb2+ 69.Kh1 Kg3 70.Bg1 Rb4 71.Bh2+ Kf2
72.Bg1+ Kf3 73.h5 Kg3 74.Bh2+ Kh3 75.h6 Rh4 76.h7 Rxh7 77.Kg1 Rd7 78.Kh1 Rg7
79.Bg1 Rg2 80.Bd4 Kg3 81.Be5+ Kf3 82.Bh2 Kf2 83.Be5 Rg4 84.Bh2 Kf3 85.Bg1 Rg8
86.Bh2 Kf2 87.Be5 Rg5 88.Bd4+ Kf3 89.Bg1 Rc5 90.Bxc5  1/2-1/2

[Event "chess.com Speed 1m+1spm 2017"]
[Site "chess.com INT"]
[Date "2017.05.03"]
[Round "1.25"]
[White "Grigoriants,S RUS"]
[Black "Nakamura,Hi"]
[Result "0-1"]
[WhiteElo "2576"]
[BlackElo "2786"]

1.e4 Nf6 2.e5 Nd5 3.d4 d6 4.Nf3 Nc6 5.c4 Nb6 6.exd6 exd6 7.Be2 Be7 8.O-O O-O
9.h3 Bf6 10.Nc3 Re8 11.Re1 Bf5 12.a3 d5 13.c5 Nc8 14.Bf4 N8e7 15.Bf1 Qd7
16.b4 Ng6 17.Rxe8+ Rxe8 18.Bg3 Be4 19.b5 Nce7 20.Nxe4 dxe4 21.Ne5 Bxe5 22.dxe5 Qxd1
23.Rxd1 Nf5 24.Bh2 h5 25.Rd7 Re7 26.c6 bxc6 27.bxc6 Kf8 28.e6 fxe6 29.Rxc7 Rxc7
30.Bxc7 Nge7 31.Bb5 Nd4 32.Bc4 Nexc6 33.Bd6+ Kf7 34.Bc5 a5 35.a4 Kf6 36.Kf1 g5
37.Bb6 g4 38.hxg4 hxg4 39.g3 Ke5 40.Kg2 Kd6 41.Kf1 Ne5 42.Be2 Nxe2 43.Kxe2 Nc4
44.Bd8 Kd7 45.Bf6 e5 46.Bg5 Ke6 47.Bd8 Nb2 48.Bxa5 Nxa4 49.Bb4 Nb6 50.Bd2 Nd5
51.Bc1 Kf5 52.Bd2 Ne7 53.Kf1 Nc6 54.Ke2 Nd4+ 55.Kf1 Ke6 56.Be3 Kd5 57.Bg5 Kc4
58.Bf6 Kd5 59.Ke1 Nf5 60.Ke2 e3  0-1

[Event "chess.com Speed 5m+2spm 2017"]
[Site "chess.com INT"]
[Date "2017.05.03"]
[Round "1.2"]
[White "Nakamura,Hi"]
[Black "Grigoriants,S RUS"]
[Result "1/2-1/2"]
[WhiteElo "2786"]
[BlackElo "2576"]

1.Nf3 Nf6 2.g3 d5 3.Bg2 c6 4.O-O Bg4 5.h3 Bxf3 6.Bxf3 e5 7.d4 e4 8.Bg2 Nbd7
9.c4 Be7 10.Nc3 O-O 11.cxd5 cxd5 12.Qb3 Nb6 13.Bf4 Rc8 14.Rac1 Rc4 15.Rfd1 Rb4
16.Qc2 Rc4 17.Qb1 Qd7 18.b3 Rc6 19.Qb2 Rfc8 20.Nb1 h6 21.Rxc6 Rxc6 22.Rc1 Bd6
23.Bd2 Qc8 24.Rxc6 Qxc6 25.Qc1 Qxc1+ 26.Bxc1 Ne8 27.g4 Nc7 28.f3 Ne6 29.fxe4 Nxd4
30.Kf1 dxe4 31.Bxe4 Nc6 32.Be3 Kf8 33.Nc3 Nc8 34.Nb5 Bb8 35.Bc5+ Ke8 36.Nd4 Nxd4
37.Bxd4 Nd6 38.Bd5 f6 39.a4 b6 40.Kf2 Nc8 41.Kf3 Kd7 42.Be4 Ne7 43.Bd3 Bd6
44.Ke4 Bc5 45.Bc3 a5 46.Bb5+ Kd6 47.Be1 Ke6 48.Bc4+ Kd7 49.h4 Ng6 50.e3 Ne5
51.Be2 Ke6 52.h5 Kd6 53.Kf5 Bxe3 54.Bg3 Kc5 55.Bxe5 fxe5 56.Kxe5  1/2-1/2

[Event "chess.com Speed 5m+2spm 2017"]
[Site "chess.com INT"]
[Date "2017.05.03"]
[Round "1.1"]
[White "Grigoriants,S RUS"]
[Black "Nakamura,Hi"]
[Result "1/2-1/2"]
[WhiteElo "2576"]
[BlackElo "2786"]

1.d4 Nf6 2.c4 e6 3.Nf3 d5 4.Nc3 Be7 5.Bf4 O-O 6.e3 c5 7.dxc5 Bxc5 8.a3 Nc6
9.Be2 dxc4 10.Bxc4 b6 11.O-O Qxd1 12.Rfxd1 Bb7 13.Nb5 Rad8 14.Bc7 Rxd1+ 15.Rxd1 Rc8
16.Bf4 Nh5 17.Bd6 a6 18.Nc3 Bxd6 19.Rxd6 Nf6 20.Be2 b5 21.Nd4 Nxd4 22.Rxd4 Nd5
23.Bf3 Kf8 24.Kf1 Ke7 25.Ke1 Rc5 26.Kd2 a5 27.Bxd5 Bxd5 28.b4 axb4 29.axb4 Rc4
30.Rxc4 Bxc4 31.f4  1/2-1/2

[Event "Moscow Grand Prix 2017"]
[Site "Moscow RUS"]
[Date "2017.05.12"]
[Round "1.2"]
[White "Inarkiev,E"]
[Black "Nakamura,Hi"]
[Result "1/2-1/2"]
[WhiteElo "2727"]
[BlackElo "2786"]

1.d4 Nf6 2.c4 e6 3.Nf3 d5 4.Nc3 Be7 5.Bf4 O-O 6.e3 c5 7.dxc5 Bxc5 8.cxd5 Nxd5
9.Nxd5 exd5 10.a3 Nc6 11.Bd3 Bb6 12.O-O Bg4 13.h3 Bh5 14.b4 a6 15.Rb1 d4
16.b5 axb5 17.Rxb5 Bxf3 18.Qb1 Bc7 19.Bxh7+ Kh8 20.gxf3 Bxf4 21.exf4 Ne7
22.Rh5 Ra5 23.Bf5+ Kg8 24.Bh7+ Kh8 25.Bf5+ Kg8 26.Bh7+  1/2-1/2

[Event "Moscow Grand Prix 2017"]
[Site "Moscow RUS"]
[Date "2017.05.13"]
[Round "2.2"]
[White "Nakamura,Hi"]
[Black "Radjabov,T"]
[Result "1/2-1/2"]
[WhiteElo "2786"]
[BlackElo "2710"]

1.d4 d5 2.c4 e6 3.Nf3 Nf6 4.g3 Bb4+ 5.Bd2 Be7 6.Bg2 c6 7.Qc2 b6 8.Ne5 Bb7
9.O-O Nbd7 10.Bc3 O-O 11.Nd2 Nxe5 12.dxe5 Nd7 13.cxd5 cxd5 14.e4 Nc5 15.exd5 Bxd5
16.Ne4 Nxe4 17.Bxe4 Bxe4 18.Qxe4 Qc7  1/2-1/2

[Event "Moscow Grand Prix 2017"]
[Site "Moscow RUS"]
[Date "2017.05.14"]
[Round "3.3"]
[White "Tomashevsky,E"]
[Black "Nakamura,Hi"]
[Result "1/2-1/2"]
[WhiteElo "2696"]
[BlackElo "2786"]

1.d4 Nf6 2.c4 e6 3.Nc3 Bb4 4.e3 O-O 5.Bd3 c5 6.Nf3 d5 7.O-O cxd4 8.exd4 dxc4
9.Bxc4 b6 10.Bg5 Bb7 11.Qe2 Bxc3 12.bxc3 Nbd7 13.Ne5 Rc8 14.Bb3 Rxc3 15.Rac1 Rxc1
16.Rxc1 Nxe5 17.dxe5 h6 18.Rd1 Qc7 19.Bxf6 gxf6 20.exf6 Qf4 21.Rd7  1/2-1/2

[Event "Moscow Grand Prix 2017"]
[Site "Moscow RUS"]
[Date "2017.05.15"]
[Round "4.4"]
[White "Nakamura,Hi"]
[Black "Hou Yifan"]
[Result "1/2-1/2"]
[WhiteElo "2786"]
[BlackElo "2652"]

1.Nf3 d5 2.g3 Nf6 3.Bg2 e6 4.O-O Be7 5.d3 c5 6.Nbd2 Nc6 7.e4 O-O 8.Re1 b5
9.e5 Nd7 10.Nf1 Bb7 11.h4 b4 12.Bf4 a5 13.N1h2 Ra6 14.c3 a4 15.a3 bxc3 16.bxc3 Qa5
17.c4 Nd4 18.Nxd4 cxd4 19.h5 h6 20.Ng4 Kh7 21.Bd2 Qd8 22.Bb4 Nc5 23.cxd5 Bxd5
24.Bxd5 Qxd5 25.Rc1 Re8 26.Rc4 Raa8 27.Bxc5 Bxc5 28.Re4 Red8 29.Qc1 Bf8 30.Qf4 Qb7
31.Rexd4 Bxa3 32.Rxd8 Rxd8 33.Rxa4 Rxd3 34.Qe4+ Qxe4 35.Rxe4 Bc5 36.Kg2 Rd4
37.Kf3 Rd2 38.Rc4 Bb6 39.Rc6 Rb2 40.Rc8 Rb3+ 41.Kg2 Bd4 42.Rf8 Rb7 43.f4 f5
44.Nh2 Rb2+ 45.Kh3 Rb3 46.Rc8 Be3 47.Rc4 Bg1 48.Rc6 Be3 49.Rc4 Bg1 50.Rc6 Be3  1/2-1/2

[Event "Moscow Grand Prix 2017"]
[Site "Moscow RUS"]
[Date "2017.05.16"]
[Round "5.4"]
[White "Giri,A"]
[Black "Nakamura,Hi"]
[Result "1/2-1/2"]
[WhiteElo "2785"]
[BlackElo "2786"]

1.e4 e5 2.Nf3 Nc6 3.Bc4 Bc5 4.O-O Nf6 5.d3 d6 6.c3 a6 7.Re1 O-O 8.h3 Ba7
9.Bb3 Re8 10.Nbd2 Be6 11.Bc2 h6 12.Nf1 d5 13.exd5 Bxd5 14.Ng3 Qd7 15.Be3 Bxe3
16.Rxe3 Re7 17.Nh4 g6 18.c4 Be6 19.Qf3 Kg7 20.Ba4 Qd4 21.Bxc6 bxc6 22.Qxc6 Rae8
23.Nf3 Qxb2 24.Rae1 Qxa2 25.Nxe5 Bd5 26.cxd5 Rxe5 27.Rxe5  1/2-1/2